Construction of a high-density integrated genetic linkage map of rubber tree (Hevea brasiliensis) using genotyping-by-sequencing (GBS) (Record no. 56206)

MARC details
000 -LEADER
fixed length control field 00655nam a2200205Ia 4500
100 ## - MAIN ENTRY--AUTHOR NAME
Personal name Pootakham W
245 #0 - TITLE STATEMENT
Title Construction of a high-density integrated genetic linkage map of rubber tree (Hevea brasiliensis) using genotyping-by-sequencing (GBS)
260 ## - PUBLICATION, DISTRIBUTION, ETC. (IMPRINT)
Name of publisher Frontiers in Plant Science
Year of publication 2015
500 ## - GENERAL NOTE
General note Source Year: 2015
650 ## - SUBJECT ADDED ENTRY--TOPICAL TERM
Topical Term GBS
650 ## - SUBJECT ADDED ENTRY--TOPICAL TERM
Topical Term Genetic linkage map
650 ## - SUBJECT ADDED ENTRY--TOPICAL TERM
Topical Term Genotypig-by-sequencing
650 ## - SUBJECT ADDED ENTRY--TOPICAL TERM
Topical Term Hevea brasiliensis
650 ## - SUBJECT ADDED ENTRY--TOPICAL TERM
Topical Term Map integration
650 ## - SUBJECT ADDED ENTRY--TOPICAL TERM
Topical Term Rubber tree
650 ## - SUBJECT ADDED ENTRY--TOPICAL TERM
Topical Term SNP genotype
856 ## - ELECTRONIC LOCATION AND ACCESS
Uniform Resource Identifier copy of online article
942 ## - ADDED ENTRY ELEMENTS (KOHA)
Koha item type Journals
Holdings
Withdrawn status Lost status Damaged status Not for loan Home library Current library Shelving location Date acquired Serial Enumeration / chronology Koha item type
      Journals RRII Library RRII Library Biotechnology 01/01/2016 Volume 6, Issue May Journals